Spolupráca EÚ s rozvojovými krajinami formou pridruženia diplomová práca

Enregistré dans:
Détails bibliographiques
Auteur principal: Feketeová, Iveta
Collectivité auteur: Obchodná fakulta EU. Katedra medzinárodného obchodu
Autres auteurs: Gavaľová, Viera
Format: Livre
Langue:slovaque
Publié: Bratislava 2014
Tags: Ajouter un tag
Pas de tags, Soyez le premier à ajouter un tag!

MARC

LEADER 00000nbm a2200000 4500
001 0186004
005 20170201094331.1
041 0 |a slo 
044 |a SK 
245 1 0 |a Spolupráca EÚ s rozvojovými krajinami formou pridruženia  |b diplomová práca  |c Iveta Feketeová ; školiteľ: Viera Gavaľová 
264 1 |a Bratislava  |c 2014 
300 |a 71 s. 
100 1 |a Feketeová, Iveta 
700 1 |a Gavaľová, Viera 
710 2 |a Obchodná fakulta EU. Katedra medzinárodného obchodu